Социально-психологическая мотивация коллективной интеллектуальной деятельности на предприятии; Актуальные проблемы гуманитарных наук

Bibliographic Details
Parent link:Актуальные проблемы гуманитарных наук.— 2013.— [С. 239-241]
Main Author: Ивашков Д. В.
Summary:Заглавие с экрана
Language:Russian
Published: 2013
Series:Управление человеческими ресурсами
Subjects:
Online Access:http://www.lib.tpu.ru/fulltext/c/2013/C20/115.pdf
Format: Electronic Book Chapter
KOHA link:https://koha.lib.tpu.ru/cgi-bin/koha/opac-detail.pl?biblionumber=240384

MARC

LEADER 00000naa2a2200000 4500
001 240384
005 20251208163620.0
035 |a (RuTPU)RU\TPU\book\261638 
035 |a RU\TPU\book\261633 
090 |a 240384 
100 |a 20130620d2013 k y0rusy50 ca 
101 0 |a rus 
102 |a RU 
135 |a drcn ---uucaa 
181 0 |a i  
182 0 |a b 
200 1 |a Социально-психологическая мотивация коллективной интеллектуальной деятельности на предприятии  |f Д. В. Ивашков 
203 |a Текст  |c электронный 
215 |a 1 файл(316 Кб) 
225 1 |a Управление человеческими ресурсами 
300 |a Заглавие с экрана 
320 |a [Библиогр.: с. 241 (3 назв.)] 
337 |a Adobe Reader 
463 1 |0 (RuTPU)RU\TPU\book\259431  |t Актуальные проблемы гуманитарных наук  |o сборник научных трудов ХII Международной научно-практической конференции студентов, аспирантов и молодых ученых 3-6 апреля 2013 г., г. Томск  |f Национальный исследовательский Томский политехнический университет (ТПУ)  |v [С. 239-241]  |d 2013 
610 1 |a электронный ресурс 
610 1 |a труды учёных ТПУ 
610 1 |a социально-психологическая оценка 
610 1 |a коллективная деятельность 
610 1 |a интеллектуальная деятельность 
610 1 |a предприятия 
700 1 |a Ивашков  |b Д. В. 
801 1 |a RU  |b 63413507  |c 20101016 
801 2 |a RU  |b 63413507  |c 20130620  |g RCR 
856 4 |u http://www.lib.tpu.ru/fulltext/c/2013/C20/115.pdf 
942 |c CF